000 01643nam a22004091i 4500
001 bslw10107612
003 UtOrBLW
005 20240305165700.0
006 m o d
007 cr un ---uuuua
008 231130s2022 bl ob 000 0 por d
020 _a9786555155488
_q(Ebook)
035 _a42584
040 _aUtOrBLW
_beng
_erda
_cUtOrBLW
043 _as-bl---
050 4 _aKHD3360
_b.S63 2022
082 0 4 _a346.81045
_223
100 1 _aSoares, Alessandro,
_eauthor.
245 1 0 _aDireito urbanístico, ambiental e imobiliário :
_ba partir de casos complexos /
_cAlessandro Soares [and 50 others] ; coordenadores, Alexandre Jorge Carneiro da Cunha Filho, Marcelo Manhães de Almeida, Wilson Levy ; apresentação Geraldo Alckmin ; prefácio Daniela Campos Libório.
264 1 _aIndaiatuba, SP :
_bEditora Foco,
_c2022.
300 _a1 online resource (xiv, 426 pages)
336 _atext
_btxt
_2rdacontent
337 _acomputer
_bc
_2rdamedia
338 _aonline resource
_bcr
_2rdacarrier
504 _aIncludes bibliographical references.
650 0 _aCity planning and redevelopment law
_zBrazil.
650 0 _aEnvironmental law
_zBrazil.
650 0 _aReal property
_zBrazil.
700 1 _aCunha Filho, Alexandre Jorge Carneiro da,
_eauthor,
_eeditor.
700 1 _aAlmeida, Marcelo Manhães de,
_eauthor,
_eeditor.
700 1 _aLevy, Wilson,
_eeditor.
700 1 _aDi Sarno, Daniela Libório,
_eauthor,
_ewriter of foreword.
856 4 0 _uhttps://app.vlex.com/#/sources/42584
912 _a1993
_b11/30/2023
_m10107612
_ncha
_cOE
_o000000-1
_g1993
_h11/30/2023
911 _1Vlex
_2Original
942 _cRAA
999 _c173323
_d173323